000 00470 a2200157 4500
005 20250616110046.0
020 _a0-07-246420-8
082 _a658.8 PER
100 _aPERREAULT,W.D
245 _aEssentials of Marketing: A Global-Managerial Approach
250 _a9th Ed.
260 _aNewYork,
_bMcGraw-Hill/Irwin
_c2003
300 _axxxii,624p.:ill.;figures, pictures
_bBibliography, Index and Glossary
_c27.5cm
700 _aMcCarthy,Jerome E. Jr.
942 _2ddc
_cBKS
999 _c4107
_d4107